[Event "GER-chT U14 Girls"]
[Site "Magdeburg"]
[Date "2012.12.28"]
[Round "3.4"]
[White "Atabay, Hatun"]
[Black "Belusa, Laura Sophie"]
[Result "1/2-1/2"]
[WhiteElo "1116"]
[BlackElo "1023"]
[PlyCount "104"]
[EventDate "2012.12.27"]
[EventType "team-swiss"]
[EventRounds "7"]
[EventCountry "GER"]
[SourceTitle "EXT 2014"]
[Source "ChessBase"]
[SourceDate "2013.11.20"]
[SourceVersion "1"]
[SourceVersionDate "2013.11.20"]
[SourceQuality "1"]
[WhiteTeam "Freiburg Zaehringen"]
[BlackTeam "Chemnitz USG"]
[WhiteTeamCountry "GER"]
[BlackTeamCountry "GER"]

1. e4 e5 2. Nf3 Nc6 3. Bc4 Bc5 4. c3 Nf6 5. d4 exd4 6. cxd4 Bb4+ 7. Bd2 Nxe4 8. Bxb4 Nxb4 9. Qb3 Qe7 10. 0-0 0-0 11. Re1 d5 12. Bxd5 Nxd5 13. Qxd5 Nf6 14. Rxe7 Nxd5 15. Re1 Nb4 16. Rc1 c6 17. Nc3 Bf5 18. Rf1 Bd3 19. Rfd1 Bf5 20. a3 Nc2 21. Rac1 Rad8 22. Ne2 b5 23. Ng3 Bg6 24. Ne5 Nxd4 25. Nxg6 fxg6 26. Rd3 Rf6 27. Rcd1 Rfd6 28. Kf1 Kf7 29. Ne4 Rd5 30. Nc3 R5d7 31. Ne4 Ke7 32. Nc5 Rd5 33. b4 Nc2 34. Rc1 Rxd3 35. Nxd3 Rxd3 36. Rxc2 Kd7 37. Ra2 Rd6 38. a4 Ke7 39. axb5 cxb5 40. Rxa7+ Rd7 41. Rxd7+ Kxd7 42. Ke2 Kd6 43. Kd3 Kd5 44. f4 h6 45. Kc3 Ke4 46. g3 Ke3 47. g4 h5 48. gxh5 gxh5 49. f5 h4 50. h3 Kf3 51. Kd3 Kg3 52. Ke3 Kxh3 1/2-1/2

[Event "GER-chT U14 Girls"]
[Site "Magdeburg"]
[Date "2012.12.27"]
[Round "1.4"]
[White "Atabay, Hatun"]
[Black "Mueller, Jennifer"]
[Result "1-0"]
[WhiteElo "1116"]
[BlackElo "940"]
[PlyCount "117"]
[EventDate "2012.12.27"]
[EventType "team-swiss"]
[EventRounds "7"]
[EventCountry "GER"]
[SourceTitle "EXT 2014"]
[Source "ChessBase"]
[SourceDate "2013.11.20"]
[SourceVersion "1"]
[SourceVersionDate "2013.11.20"]
[SourceQuality "1"]
[WhiteTeam "Freiburg Zaehringen"]
[BlackTeam "Porz SG"]
[WhiteTeamCountry "GER"]
[BlackTeamCountry "GER"]

1. e4 e5 2. Nf3 Nc6 3. Bc4 Bc5 4. c3 Nf6 5. d4 exd4 6. cxd4 Bb4+ 7. Bd2 Bxd2+ 8. Nbxd2 d6 9. h3 Qe7 10. 0-0 0-0 11. Re1 Nd7 12. a3 Qf6 13. Nb3 Re8 14. Qd3 a6 15. Rad1 Qg6 16. Nh4 Qg5 17. Qf3 Nf6 18. Nf5 Qg6 19. Bd3 Bxf5 20. exf5 Qg5 21. Bc2 Rab8 22. Re2 Rxe2 23. Qxe2 Re8 24. Qd2 Qxd2 25. Rxd2 b6 26. Bd3 a5 27. Bb5 Re1+ 28. Kh2 Ne7 29. g4 Ned5 30. Rc2 Re7 31. Nd2 h6 32. Kg3 Nd7 33. Bc4 N7f6 34. h4 c6 35. Bd3 c5 36. dxc5 dxc5 37. Bc4 Nc7 38. g5 hxg5 39. hxg5 Ne4+ 40. Nxe4 Rxe4 41. g6 b5 42. Bxf7+ Kf8 43. Rxc5 Re7 44. Rc6 Rd7 45. Rb6 Rd2 46. Rb8+ Ke7 47. Rb7 Rd7 48. Kf4 Kf6 49. Rb6+ Ke7 50. f6+ gxf6 51. Kf5 Ne8 52. Re6+ Kf8 53. Rxe8+ Kg7 54. Rg8+ Kh6 55. Rh8+ Kg7 56. Rh7+ Kf8 57. g7+ Kxf7 58. g8Q+ Kxg8 59. Rxd7 1-0

[Event "GER-chT U18 Girls"]
[Site "Germany"]
[Date "2011.05.13"]
[Round "2.3"]
[White "Muenzner, Jasmin"]
[Black "Atabay, Hatun"]
[Result "1/2-1/2"]
[WhiteElo "1100"]
[BlackElo "992"]
[PlyCount "55"]
[EventDate "2011.05.13"]
[EventType "team-swiss"]
[EventRounds "7"]
[EventCountry "GER"]
[SourceTitle "EXT 2012"]
[Source "ChessBase"]
[SourceDate "2011.11.24"]
[SourceVersion "1"]
[SourceVersionDate "2011.11.24"]
[SourceQuality "1"]
[WhiteTeam "Aue CWG (W)"]
[BlackTeam "Rotteck Gymn (W)"]
[WhiteTeamCountry "GER"]
[BlackTeamCountry "GER"]

1. e4 e5 2. Nf3 Nc6 3. Bb5 Nf6 4. d3 Bc5 5. 0-0 0-0 6. Qe2 Bd4 7. c3 Bc5 8. Be3 Bb6 9. Bxc6 dxc6 10. Nxe5 Qe7 11. Nf3 Bg4 12. Nbd2 Rad8 13. d4 Nh5 14. h3 Qh4 15. hxg4 Qxg4 16. Rad1 c5 17. d5 c6 18. dxc6 bxc6 19. Rfe1 Bc7 20. Bxc5 Nf4 21. Qf1 Rfe8 22. Nh2 Qh5 23. Ndf3 Rxd1 24. Rxd1 Rxe4 25. Bd6 Ne2+ 26. Kh1 Bd8 27. g4 Rxg4 28. Qxe2 1/2-1/2

[Event "GER-chT U14 Girls"]
[Site "Gross Doelln"]
[Date "2010.12.28"]
[Round "3.4"]
[White "Atabay, Hatun"]
[Black "Nobis, Anna"]
[Result "0-1"]
[WhiteElo "800"]
[BlackElo "1397"]
[PlyCount "104"]
[EventDate "2010.12.27"]
[EventType "team-swiss"]
[EventRounds "7"]
[EventCountry "GER"]
[SourceTitle "CBM 140 Extra"]
[Source "ChessBase"]
[SourceDate "2011.03.01"]
[SourceVersion "1"]
[SourceVersionDate "2011.03.01"]
[SourceQuality "1"]
[WhiteTeam "Freiburg Zaehringen"]
[BlackTeam "Chemnitz Aufbau"]
[WhiteTeamCountry "GER"]
[BlackTeamCountry "GER"]

1. e4 c5 2. Nf3 Nc6 3. Nc3 d6 4. Bb5 Bd7 5. Bxc6 Bxc6 6. d4 cxd4 7. Nxd4 Bd7 8. Be3 Nf6 9. f3 e6 10. 0-0 Be7 11. g4 0-0 12. g5 Ne8 13. f4 a6 14. Kh1 e5 15. Nb3 exf4 16. Bxf4 Bxg5 17. Nd5 Bxf4 18. Rxf4 f5 19. Qf1 Nf6 20. Nd2 Nxd5 21. exd5 Qa5 22. Nf3 Qxd5 23. Qc4 Qxc4 24. Rxc4 Bc6 25. Rc3 Rae8 26. Rg1 Re2 27. Rg2 Rxg2 28. Kxg2 Rc8 29. Kg3 Bd7 30. Rd3 Rxc2 31. Rxd6 Bc8 32. Ne5 Kf8 33. Kf4 Ke7 34. Rh6 gxh6 35. h4 Rxb2 36. h5 Rxa2 37. Nd3 b5 38. Nb4 Ra4 39. Ke5 Rxb4 40. Kd5 Bb7+ 41. Kc5 Rc4+ 42. Kb6 Bc8 43. Ka5 Kd7 44. Kb6 Rc6+ 45. Ka5 Kd6 46. Kb4 Kd5 47. Ka5 f4 48. Kb4 f3 49. Ka5 f2 50. Kb4 f1Q 51. Kb3 Qb1+ 52. Ka3 Rc3# 0-1